00705naa a22001457i 45000010005000000030009000050050017000140080040000310400029000711000143001002450110002437730179003539420012005329990015005449303KOSZ 00520180327105420.0180323s2013 pl ||||f |||| 00| 0 eng  aKOSZ 005/ARcKOSZ 005/AR1 aGASZTOLD, Brygida.bPolitechnika Koszalińska - Instytut Neofilologii i Komunikacji Społecznej,cZakład Filologii Angielskiejd1993 - .10aSelf-sacrificing and/or overbearing :cBrygida Gasztold.bthe Jewish mother in the cultural imagination /0 iW :tScripta Judaica Cracoviensia : studia z historii, kultury i religii Żydów. - dKraków : Wydaw. Uniwersytetu Jagiellońskiego. - g2013, 11, s. 161-174x 1733-5760 2UKDcPO c9303d9303